Landschaftsaquarelle (Record no. 6657)

MARC details
000 -CABECERA
campo de control de longitud fija 00657nam a2200229 a 4500
001 - NÚMERO DE CONTROL
campo de control BRCA_6976
005 - FECHA Y HORA DE LA ÚLTIMA TRANSACCIÓN
campo de control 20190320205650.0
008 - DATOS DE LONGITUD FIJA--INFORMACIÓN GENERAL
campo de control de longitud fija 221111s1949----gw-a######---#000-0#ger-#
041 ## - CÓDIGO DE LENGUA
Código de lengua del texto/banda sonora o título independiente ger
044 ## - CÓDIGO DEL PAÍS DE LA ENTIDAD EDITORA/PRODUCTORA
Código MARC del país gw
050 #4 - SIGNATURA TOPOGRÁFICA DE LA BIBLIOTECA DEL CONGRESO
Número de clasificación ND1954
Número de documento/Ítem .D8 B75 1949
245 10 - MENCIÓN DE TÍTULO
Título Landschaftsaquarelle
Mención de responsabilidad, etc. Albrecht Durer ; hrgs. und eingeleiter von A. E. Brinckmann
250 ## - MENCIÓN DE EDICIÓN
Mención de edición 4
260 ## - PUBLICACIÓN, DISTRIBUCIÓN, ETC.
Lugar de publicación, distribución, etc. Baden-Baden, Alemania
Nombre del editor, distribuidor, etc. W. Klein
Fecha de publicación, distribución, etc. c1949
300 ## - DESCRIPCIÓN FÍSICA
Extensión 12 p.
Otras características físicas il., 10 láminas a color
Dimensiones ?? cm.
500 ## - NOTA GENERAL
Nota general O209
650 14 - PUNTO DE ACCESO ADICIONAL DE MATERIA--TÉRMINO DE MATERIA
Término de materia o nombre geográfico como elemento de entrada Acuarelas alemanas
9 (RLIN) 17372
650 14 - PUNTO DE ACCESO ADICIONAL DE MATERIA--TÉRMINO DE MATERIA
Término de materia o nombre geográfico como elemento de entrada Pintores alemanes
9 (RLIN) 797
700 1# - PUNTO DE ACCESO ADICIONAL--NOMBRE DE PERSONA
Nombre de persona Brickman, Albert Erich,
Término indicativo de función/relación ed.
9 (RLIN) 17373
902 ## - CATALOGADOR
Iniciales GFM
942 ## - ELEMENTOS DE PUNTO DE ACCESO ADICIONAL (KOHA)
Fuente del sistema de clasificación o colocación Library of Congress Classification
Tipo de ítem Koha Libros
Holdings
Estado de retiro Estado de pérdida Estado dañado No para préstamo Localización permanente Ubicación/localización actual Fecha de adquisición Número de inventario Total de préstamos Signatura topográfica completa Código de barras Fecha visto por última vez Precio válido a partir de Tipo de ítem Koha
El ejemplar forma parte de la colección y puede ser consultado según las políticas vigentes.       Biblioteca del Museo Franz Mayer (Rogerio Casas-Alatriste) Biblioteca del Museo Franz Mayer (Rogerio Casas-Alatriste) 22/11/2011 O209   ND1954 .D8 B75 1949 (O209) 7423 22/03/2019 22/03/2019 Libros